Les radioéléments naturels: propriétés chimiques préparation-dosage

Uloženo v:
Podrobná bibliografie
Hlavní autor: Joliot-Curie, Irène (Autor)
Médium: Kniha
Jazyk:francouzština
Vydáno: París Hermann et Cie 1946
Témata:
Tagy: Přidat tag
Žádné tagy, Buďte první, kdo vytvoří štítek k tomuto záznamu!

MARC

LEADER 00000nam a2200000 a 4500
001 UCH1228
003 CL-VaPUC
008 090416e19460000FR |||||||||||||||||fre|d
082 0 4 |a 539.752  |b JOL  |2 21 
100 0 |a Joliot-Curie, Irène  |e author  |9 535631 
245 1 4 |a Les radioéléments naturels: propriétés chimiques préparation-dosage 
300 |a 188 p 
942 |c BK 
945 |d 20090416 00:00:00  |a rbrito 
260 |a París  |b Hermann et Cie  |c 1946 
650 0 |a Radioactividad   |9 366299 
650 7 |a URANIO  |2 CL-VaPUC  |9 371227 
650 7 |a TORIO  |2 CL-VaPUC  |9 535632 
650 0 |a Radiación  |9 259874 
650 7 |a RADICION NUCLEAR  |2 CL-VaPUC  |9 535633 
650 7 |a RADIOQUIMICA  |2 CL-VaPUC  |9 454558 
583 |a last modification  |c 20111104 05:21:53  |k Rodrigo Vera 
999 |c 333290  |d 333288 
952 |0 0  |1 0  |4 0  |6 539_752000000000000_JOL_1946  |7 0  |8 A  |9 421618  |a BIBCUR  |b BIBCUR  |d 2019-11-22  |i 4529014  |o 539.752 JOL 1946  |p 4529014  |r 2025-04-22  |w 2019-11-22  |y BK  |k FIS